Zaznaczysz niepolskie miasto - umierasz - Statystyki

Ogólne statystyki
  • Ten quiz został rozwiązany 52 razy
  • Średni wynik to 7 z 15
Answers on the Grid
Answers color-coded by a green-red scale on the quiz's grid according to % correct below.
Brześć
Prusice
Kock
Mordy
Lipno
Biały Bór
Czarne
Frombork
Gubin
Gusiew
Józefów
Kleszczele
Łoździeje
Nowogród
Police
Sępopol
Szyłokarczma
Terespol
Troki
Wielbark
Żylina
 
Statystyki odpowiedzi
Odpowiedź % Poprawnych
Police
65%
Lipno
60%
Biały Bór
58%
Frombork
58%
Józefów
58%
Czarne
56%
Gubin
53%
Kock
49%
Prusice
49%
Terespol
49%
Sępopol
44%
Mordy
42%
Kleszczele
37%
Nowogród
33%
Wielbark
26%
Nie znaleziono quizów pasujących do podanych kryteriów
Rozkład punktacji
Procent ludzi z każdym wynikiem
Percentyl według liczby udzielonych odpowiedzi
Twoja historia wyników
Nie rozwiązałeś tego quizu